Normal view MARC view

Entry Topical Term

Number of records used in: 1

001 - CONTROL NUMBER

  • control field: 130

003 - CONTROL NUMBER IDENTIFIER

  • control field: OSt

005 - DATE AND TIME OF LATEST TRANSACTION

  • control field: 20220811163527.0

008 - FIXED-LENGTH DATA ELEMENTS

  • fixed length control field: 220811|| aca||aabn | a|a d

040 ## - CATALOGING SOURCE

  • Original cataloging agency: OSt
  • Transcribing agency: OSt

150 ## - HEADING--TOPICAL TERM

  • Topical term or geographic name entry element: Pediatric radiology

670 ## - SOURCE DATA FOUND

  • Source citation: Work cat.: (OSt)0: Blickman Johan G. 128, Pediatric radiology: the requisites. /, 2009.

If you have any concerns or questions; kindly contact the library


© Powered by WIUC ICT DIRECTORATE